header

Don't ask, don't tell (Record no. 167257)

MARC details
000 -LEADER
fixed length control field 01281nam a2200313Ia 4500
245 00 - TITLE STATEMENT
Title Don't ask, don't tell
260 ## - PUBLICATION, DISTRIBUTION, ETC. (IMPRINT)
Place of publication New York :
Name of publisher Nova Science Publishers,
Year of publication c2010.
300 ## - PHYSICAL DESCRIPTION
Number of Pages ix, 156 p.
490 1# - SERIES STATEMENT
Series statement Defense, security and strategy series
650 #0 - SUBJECT ADDED ENTRY--TOPICAL TERM
Topical Term Gay military personnel
700 1# - ADDED ENTRY--PERSONAL NAME
Personal name Davis, Brandon A.
856 40 - ELECTRONIC LOCATION AND ACCESS
Uniform Resource Identifier http://site.ebrary.com/lib/rucke/Doc?id=10658900

No items available.

© 2026 Rongo University
Contact us: librarian | system librarian | Rongo university